Hades quiz - Statistics

General Stats
  • This quiz has been taken 49 times
  • The average score is 8 of 20
Answer Stats
Hint Answer % Correct
Character who you play as Zagreus
100%
Final boss at the gates of the underworld Hades
86%
Final boss of Asphodel Hydra
81%
Final boss of Elysium Theseus/Asterius
78%
Final boss of Tartarus Fury
73%
What treasure do you recieve from the Gods Boons
70%
Hades was announced at the game awards in what year 2018
68%
How many aspects does the Stygian Blade have 4
62%
How much darkness do the furies drop 50
43%
Which god has the most boons Artemis
38%
What does Thanatos five Zagreus if he better or matches his kill total Centaur Heart
30%
What is Thanatos's catchphrase Death Approaches
19%
What is revealed to be Persephone's real name Kore
14%
What is Zagreus's max affinity gauge 17
8%
What is the name of the spear Hades uses in battle against Zagreus Gigaros
8%
When you die, you return to look at the _______ Mirror of Night
8%
What type of combat system does Hades use Hack and Slash
5%
What keepsake does Achilles give Myrmidon Bracer
5%
What does Zagreus mean, according to artemis Great hunter
0%
What weapon does Asterius use labrys
0%
No matching quizzes found
Score Distribution
Percent of People with Each Score
Percentile by Number Answered
Your Score History
You have not taken this quiz